LEADER 01343nam a2200277 i 4500 001 000000228783 003 CaOOAMICUS 005 20230807124908.0 008 140410s1850 it u000 u ita u 040 $aSeMil$bita 100 1 $aSperoni, Luigi,$c.$0(OLS)http://semarc/name/5167 245 10$aPrediche quaresimali :$bstampate a profitto del pio istituto detto il Buon Pastore /$cdel sacerdote Luigi Speroni. 264 1$aMilano :$bTip. Boniardi-Pogliani di Ermenegildo Besozzi,$c1850. 300 $aXI, 119 p. ;$c22 cm. 500 $aFondo Bidoglio 500 $aSul front.: Tomo 1 [il tomo 2 non è stato pubblicato] 500 $aPaginazione incompleta, cfr. esemplare identico in 3F-V-23 FA 650 4$aQuaresima - Pastorale.$0(OLS)http://semarc/subject/5128 650 4$aSperoni, Luigi - Scritti e discorsi.$0(OLS)http://semarc/subject/4745 850 $aSeMil 852 $aSeMil$W1$xVenegono$y1$m3Z V 20/3 FA$j242926$B179129$CSeMilBibl$Z2$F190193 $8I 941 1 $a2 961 $aLascito: Bidoglio don Maurizio 996 $6245$aPrediche quaresimali :$bstampate a profitto del pio istituto detto il Buon Pastore$9(OLS)http://semarc/title/327459 996 $6264$aMilano :$bTip. Boniardi-Pogliani di Ermenegildo Besozzi$9(OLS)http://semarc/publisher/37367 LEADER 01032nam a2200217 i 4500 001 000000029881 003 CaOOAMICUS 005 20180830125448.0 008 180830s1853 it u000 u ita u 040 $aSeMil$bita 100 1 $aBorrani, Luigi.$0(OLS)http://semarc/name/13652 245 10$aLezioni scritturali /$cdel sacerdote oblato don Luigi Borrani ; pubblicate dal sac. oblato Luigi Speroni a profitto dell'Istituto del buon pastore. 260 $aMilano :$bTip. Boniardi-Pogliani di E. Besozzi,$c1853-1855. 300 $a2 v. ;$c19 cm. 650 4$aBibbia - Personaggi.$0(OLS)http://semarc/subject/4777 650 4$aBibbia. Antico Testamento - Commentari, studi, critica, interpretazioni.$0(OLS)http://semarc/subject/2 700 1 $aSperoni, Luigi,$c.$0(OLS)http://semarc/name/5167 774 0 $t[1].$g1$w()229651 774 0 $t2.$g2$w()229652 996 $6245$aLezioni scritturali$9(OLS)http://semarc/title/40646 996 $6260$aMilano :$bTip. Boniardi-Pogliani di E. Besozzi$9(OLS)http://semarc/publisher/38269